Responses for Show #4724 - Thursday, March 3, 2005

2005 Ultimate Tournament of Champions Round 1, game 17.

Contestants

[<< previous game]

Paul Boymel, a civil rights attorney from Potomac, Maryland

Andrew Garen, an associate director of consumer marketing from Austin, Texas

Ed Schiffer, an attorney from San Francisco, California

[next game >>]

Jeopardy! Round responses

LET'S MESS WITH TEXAS
"R"OCK MUSIC
FEMINISM
KHOMEINI, KHAMENEI OR KHATAMI
A FLY CATEGORY
2-LETTER ABBREV.
    $200 12
George W. Bush

Andrew
    $200 1
Runaround

Paul
    $200 21
bloomers

Andrew
    $200 20
Khomeini

Paul
    $200 27
a Flying Circus

Andrew
    $200 7
ID

Andrew
    $400 13
the Texas Rangers

Andrew
    $400 3
(Alex: "Lord, I was born a [*]".)

"Ramblin' Man"

Ed
    $400 19
76 cents

Andrew
    $400 22
Khomeini

Paul
    $400 25
(Ed: What are BF Flyers?)

PF Flyers

Ed
Triple Stumper
    $400 2
L.A.

Ed
    $600 11
the mockingbird

Ed
    $600 4
Red Red Wine

Ed
    $600 16
suffragettes

Paul
    $600 28
(Paul: What is Khamenei?)

Khatami

AndrewPaul
    $600 23
the Flying Tigers

Paul
    $600 8
the UN

Andrew
    $800 14
Sam Houston

Paul
    $800 5
R.E.M.

Ed
    $800 17
Women's History Month

Ed
    $800 29
Khamenei

Andrew
    $800 24
a flywheel

Andrew
    $800 9
TB

Andrew
    $1000 15
Lloyd Bentsen

Andrew
    $1000 6
Roxette

Ed
    $1,000 18
(Ed: What is a lawyer?)
(Alex: No, you picked the wrong one.)

a physician (or medicine or a doctor)

Ed
    $1000 30
Khatami

Triple Stumper
    $1000 26
the Flying Finn

Andrew
    $1000 10
OP

Triple Stumper

Scores at the first commercial break (after clue 15):

Ed Andrew Paul
$3,800 $3,200 $1,000

Scores at the end of the Jeopardy! Round:

Ed Andrew Paul
$3,200 $7,200 $2,200

Double Jeopardy! Round responses

ART AT THE BARNES
(Alex: The Barnes Foundation just outside of Philadelphia.)
OFFICIAL LANGUAGES
CHEKHOV, PLEASE
METALLICA
MASTER OF PUPPETS
FOR WHOM THE "BELL" TOLLS
    $400 10
Van Gogh

Andrew
    $400 15
Russian

Andrew
    $400 20
The Three Sisters

Andrew
    $400 26
silver

Paul
    $400 21
Japan

Paul
    $400 5
a bell ringer

Andrew
    $800 11
Degas

Ed
    $800 16
Italian

Andrew
    $800 4
a serf

Ed
    $800 30
(Andrew: What's platinum?)

gold

EdAndrew
    $800 22
(Andrew: What is South Park?)

Team America(: World Police)

EdAndrew
    $800 6
Bellagio

Ed
    $1200 12
Matisse

Ed
    $1200 17
French

Ed
    $2,200 1
The Cherry Orchard

Paul
    $1200 29
(Paul: What is radium?)

uranium

AndrewPaul
    $1200 23
Beaker

Triple Stumper
    $1200 7
(Alex: Obviously you guys haven't tried it. What is [*].)
[Alex dances, slightly. Audience laughs.]
(Ed: Obviously.)

belly dancing

Triple Stumper
    $1600 13
Leda and the Swan

Andrew
    $1600 18
(Andrew: Uh, what is Hindu?)
(Paul: What is English?)

Tamil

AndrewPaul
Triple Stumper
    $1600 2
Pushkin

Andrew
    $1600 28
(Paul: What is zinc?)
...
(Alex: [*], yes. A policeman, [*].)

copper

AndrewPaul
    $2,000 24
(Ed: I don't know.)
(Alex: Eh, Paul wishes he had this one.)

Stromboli

Ed
    $1600 8
Bell's palsy

Ed
    $2000 14
Mary Cassatt

Andrew
    $2000 19
Portuguese

Ed
    $2000 3
Uncle Vanya

Paul
    $2000 27
(Paul: What is zinc?)

nickel

Paul
Triple Stumper
    $2000 25
D.C. Follies

Triple Stumper
    $2000 9
Saul Bellow

Andrew

Scores at the end of the Double Jeopardy! Round:

Ed Andrew Paul
$11,200 $16,400 $800

[wagering suggestions for these scores]

Final Jeopardy! Round responses

20th CENTURY AMERICANS
PaulWho was Thurmond?
$800
EdWho is Strom Thurmond
$6,200
AndrewWho is Danforth?
$6,001
Strom Thurmond

Final scores:

Ed Andrew Paul
$17,400 $10,399 $1,600
Winner: $17,400 + an advance to UToC Round 2 2nd place: $5,000 3rd place: $5,000

Game dynamics:

Coryat scores:

Ed Andrew Paul
$14,200 $16,400 -$200
16 R,
3 W
(including 2 DDs)
24 R,
3 W
10 R
(including 1 DD),
5 W

Combined Coryat: $30,400

[game clues] [game scores] [suggest correction]

Game tape date: 2005-02-09
The J! Archive is created by fans, for fans. Scraping, republication, monetization, and malicious use prohibited; this site may use cookies and collect identifying information. See terms. The Jeopardy! game show and all elements thereof, including but not limited to copyright and trademark thereto, are the property of Jeopardy Productions, Inc. and are protected under law. This website is not affiliated with, sponsored by, or operated by Jeopardy Productions, Inc. Join the discussion at JBoard.tv.